La crisis democrática: carisma y neo-populismo

La crisis de la sociedad demócratica contemporánea juega un rol en el renacimiento de los movomiento populosos y neo-fascitas con liderazgo carismático. Una reflexión sobre el resurgimiento de estos fenómenos en Europa ilustra esta afirmación. La situación que atraviesa México puede inspirar nuevas...

Full description

Bibliographic Details
Main Author: Dorna, Alexandre
Format: Analitica de revista
Language:Spanish
Published: Santiago, Chile: Universidad Academia de Humanismo Cristiano, 2002.
Subjects:
Online Access:Disponible en línea (PDF). Biblioteca Digital UAHC

MARC

LEADER 00000cab a2200000 a 4500
001 027207
003 UAHC_CL
005 20210909175933.0
008 031031s2002 cl 000 spa
952 |0 0  |1 0  |4 0  |6 CASTALIA_03_02_000000000000000  |7 0  |8 COMP  |9 54471  |a BC  |b BC  |c Hemeroteca  |d 2017-08-03  |l 0  |o CASTALIA-03/02  |r 2019-01-08 00:00:00  |w 2017-08-03  |y REVA 
999 |c 27207  |d 27207 
040 |a UAHC_CL  |c UAHC_CL  |d UAHC_CL 
100 |a Dorna, Alexandre  |9 11997 
245 1 3 |a La crisis democrática:  |b carisma y neo-populismo   |c Alexandre Dorna. 
260 |a Santiago, Chile:  |b Universidad Academia de Humanismo Cristiano,  |c 2002. 
300 |a pp. 29-45 
500 |a En: Castalia, revista de psicología de la Academia, no. 3, 2002. pp. 29-45. ISSN 07174985. 
520 |a La crisis de la sociedad demócratica contemporánea juega un rol en el renacimiento de los movomiento populosos y neo-fascitas con liderazgo carismático. Una reflexión sobre el resurgimiento de estos fenómenos en Europa ilustra esta afirmación. La situación que atraviesa México puede inspirar nuevas hipótesis y confirmar otras. Otro caso, Chile y Venezuela, ofrecen un terreno de observación similar. 
650 0 |a Democracia  |z América Latina  |9 572 
650 0 |a Política ambiental  |x Aspectos sociales  |9 2400 
856 |u http://bibliotecadigital.academia.cl/xmlui/handle/123456789/2364  |y Disponible en línea (PDF). Biblioteca Digital UAHC 
900 |a CASTALIA-03/02 
942 |c REVA